Генетика цветения; Химия и жизнь - XXI век; № 7

Dettagli Bibliografici
Parent link:Химия и жизнь - XXI век: научно-популярный журнал/ ИнформНаука.— , 1996-
№ 7.— 2004.— С. 52-55
Autore principale: Литвинов М. Б.
Lingua:russo
Pubblicazione: 2004
Serie:Проблемы и методы науки
Soggetti:
Natura: MixedMaterials Capitolo di libro
KOHA link:https://koha.lib.tpu.ru/cgi-bin/koha/opac-detail.pl?biblionumber=393177

MARC

LEADER 00000naa2a2200000 4500
001 393177
005 20231101064350.0
035 |a (RuTPU)RU\TPU\prd\29090 
090 |a 393177 
100 |a 20041025a2004 k y0rusy50 ca 
101 0 |a rus 
102 |a RU 
200 1 |a Генетика цветения  |f М. Б. Литвинов 
225 1 |a Проблемы и методы науки 
461 1 |0 (RuTPU)RU\TPU\prd\1643  |t Химия и жизнь - XXI век  |o научно-популярный журнал  |f ИнформНаука  |d 1996- 
463 1 |0 (RuTPU)RU\TPU\prd\27547  |t № 7  |v С. 52-55  |d 2004 
610 1 |a генетика 
610 1 |a цветы 
610 1 |a цветение 
610 1 |a цветение растений 
610 1 |a размножение 
610 1 |a гены цветения 
700 1 |a Литвинов  |b М. Б. 
801 1 |a RU  |b 63413507  |c 20041025  |g PSBO 
801 2 |a RU  |b 63413507  |c 20120904  |g RCR 
942 |c BK